000 00447nam a2200145Ia 4500
008 100204s9999 xx 000 0 und d
082 _b15125
100 _aवर्तक एन. टी.
245 _aचटकदार कोडी
260 _b"जयदीप प्रकाशन, पुणे"
_c1991
300 _a38
630 _aचटकदार कोडी
730 _aचटकदार कोडी
942 _cBOOK
999 _c459556
_d459553